000 00347nam a2200145Ia 4500
008 240729s9999 xx 000 0 und d
022 _a2075-4450
245 0 _aInsects
260 _aSwitzerland
260 _bMDPI AG
650 _aScience
856 _uhttps://doaj.org/toc/282352dcacb349df8383155d6b209d63
942 _2ddc
942 _cDOAJEJ
999 _c67875
_d67875
945 _a1
_bMadushi Gamage
_c1
_dMadushi Gamage